Transcultural concepts in nursing care / (Record no. 23725)
[ view plain ]
| 000 -LEADER | |
|---|---|
| fixed length control field | 00956cam a22002775a 4500 |
| 001 - CONTROL NUMBER | |
| control field | 18586006 |
| 005 - DATE AND TIME OF LATEST TRANSACTION | |
| control field | 20171024124902.0 |
| 008 - FIXED-LENGTH DATA ELEMENTS--GENERAL INFORMATION | |
| fixed length control field | 150420t2016 paua frb 001 0 eng d |
| 020 ## - INTERNATIONAL STANDARD BOOK NUMBER | |
| International Standard Book Number | 9781451193978 |
| 020 ## - INTERNATIONAL STANDARD BOOK NUMBER | |
| International Standard Book Number | 1451193971 |
| 040 ## - CATALOGING SOURCE | |
| Original cataloging agency | DNLM/DLC |
| Language of cataloging | eng |
| Transcribing agency | DLC |
| Modifying agency | DLC |
| -- | EG-ScBUE |
| 082 04 - DEWEY DECIMAL CLASSIFICATION NUMBER | |
| Classification number | 362.173 |
| Edition number | 22 |
| Item number | TRA |
| 245 00 - TITLE STATEMENT | |
| Title | Transcultural concepts in nursing care / |
| Statement of responsibility, etc | [editors] Margaret M. Andrews, Joyceen S. Boyle. |
| 250 ## - EDITION STATEMENT | |
| Edition statement | 7th ed. |
| 260 ## - PUBLICATION, DISTRIBUTION, ETC. (IMPRINT) | |
| Place of publication, distribution, etc | Philadelphia : |
| Name of publisher, distributor, etc | Wolters Kluwer, |
| Date of publication, distribution, etc | c.2016. |
| 300 ## - PHYSICAL DESCRIPTION | |
| Extent | 1v. (Various pagings) : |
| Other physical details | ill. ; |
| Dimensions | 23 cm. |
| 504 ## - BIBLIOGRAPHY, ETC. NOTE | |
| Bibliography, etc | Includes bibliographical references and index. |
| 650 #7 - SUBJECT ADDED ENTRY--TOPICAL TERM | |
| Topical term or geographic name as entry element | Transcultural nursing. |
| Source of heading or term | BUEsh |
| 9 (RLIN) | 36287 |
| 650 #7 - SUBJECT ADDED ENTRY--TOPICAL TERM | |
| Topical term or geographic name as entry element | Nursing |
| Source of heading or term | BUEsh |
| 9 (RLIN) | 28875 |
| General subdivision | Social aspects. |
| 651 ## - SUBJECT ADDED ENTRY--GEOGRAPHIC NAME | |
| Source of heading or term | BUEsh |
| 653 ## - INDEX TERM--UNCONTROLLED | |
| Resource For college | Nursing |
| Arrived date list | December2016 |
| -- | September2017 |
| -- | October2017 |
| 655 ## - INDEX TERM--GENRE/FORM | |
| Form subdivision | Text book |
| -- | 33728 |
| 700 1# - ADDED ENTRY--PERSONAL NAME | |
| Personal name | Andrews, Margaret M., |
| Relator term | editor. |
| 9 (RLIN) | 37895 |
| 700 1# - ADDED ENTRY--PERSONAL NAME | |
| Personal name | Boyle, Joyceen S., |
| Relator term | editor. |
| 9 (RLIN) | 37896 |
| 942 ## - ADDED ENTRY ELEMENTS (KOHA) | |
| Source of classification or shelving scheme | Dewey Decimal Classification |
| Withdrawn status | Item status | Source of classification or shelving scheme | Damaged status | Not for loan | Vendor | Home library | Current library | Shelving location | Date acquired | Source of acquisition | Cost, normal purchase price | Serial Enumeration / chronology | Total Checkouts | Total Renewals | Full call number | Barcode | Checked out | Date last seen | Date last borrowed | Cost, replacement price | Koha item type | Materials specified (bound volume or other part) |
|---|---|---|---|---|---|---|---|---|---|---|---|---|---|---|---|---|---|---|---|---|---|---|
| Dewey Decimal Classification | ايمك | Central Library | Central Library | First floor | 25/12/2016 | Purchase | 469.00 | 3397 | 3 | 30 | 362.173 TRA | 000040573 | 02/02/2023 | 10/05/2017 | 10/05/2017 | 586.25 | Book - Borrowing | |||||
| Lost | Dewey Decimal Classification | ايمك | Central Library | Central Library | First floor | 25/12/2016 | Purchase | 469.00 | 3397 | 11 | 39 | 362.173 TRA | 000040574 | 22/11/2023 | 16/11/2023 | 586.25 | Book - Borrowing | Lost_In_Inventory_12-2-2024 | ||||
| Dewey Decimal Classification | Baccah | Central Library | Central Library | First floor | 28/09/2017 | Purchase | 820.00 | 362.173 TRA | 000046549 | 15/07/2025 | NB - Book (Non borrowing) | |||||||||||
| Dewey Decimal Classification | Baccah | Central Library | Central Library | First floor | 24/10/2017 | Purchase | 820.00 | 7 | 17 | 362.173 TRA | 000042216 | 15/07/2025 | 18/11/2023 | Book - Borrowing | ||||||||
| Dewey Decimal Classification | Baccah | Central Library | Central Library | First floor | 24/10/2017 | Purchase | 820.00 | 10 | 23 | 362.173 TRA | 000042217 | 15/07/2025 | 16/12/2023 | Book - Borrowing |